000 00793nam a22002057a 4500
999 _c13673
_d13673
003 AR-CdUCM
008 190416b ||||| |||| 00| 0 spa d
040 _aMUNICIPALIDAD PROVINCIAL DEL CUSCO
_cBIBLIOTECA MUNICIPAL DEL CUSCO
082 _a571.985 /
_bK26
100 _aKauffman Doig, Federico
_932172
245 _aPeru arqueologia /
300 _a636 paginas ;
_bIlustraciones,
_c21 cm.
500 _aNota: Falta portada.
505 _aContenido : Historia y arqueología -- Las fuentes -- Procedimientos rutinarios y técnicas arqueológicas -- Terminología y glosario arqueológico -- Paisaje y áreas culturales...
650 _aPerú
_935
650 _aArqueología Peruana
_91476
650 _aHistoria y Arqueología
_932173
942 _2ddc
_cLIBROS
945 _awnts
_d2019-04-16